[Event "Stepan Avagyan Memorial 2020"]
[Site "Jermuk"]
[Date "2020.07.14"]
[Round "8.1"]
[White "Martirosyan, Haik M."]
[Black "Davtyan, Artur"]
[Result "1-0"]
[WhiteElo "2617"]
[BlackElo "2461"]
[Annotator "TA"]
[PlyCount "115"]
[EventDate "2020.07.05"]
[EventType "tourn"]
[EventCountry "ARM"]
[SourceTitle "playchess.com"]
[Source "ChessBase"]
[SourceQuality "1"]

{[%evp 10,115,8,2,33,29,31,20,27,21,27,20,21,21,25,22,25,8,22,0,27,9,11,0,27,15,22,27,22,0,8,0,86,43,35,35,28,0,39,41,42,29,31,23,148,41,131,130,121,127,154,132,161,162,153,135,154,147,153,153,152,150,156,156,156,154,200,177,173,187,179,202,225,174,171,53,53,70,52,56,228,235,218,198,370,376,370,366,363,341,359,359,521,521,514,514,514,514,506,506,585,506,499,494,492,492,470,442]} 1. e4 e5 2. Nf3 Nc6 3. Bc4 Bc5 4. d3 Nf6 5. Bg5 h6 6. Bh4 Be7 {C50: Hungarian Defence and Giuoco Pianissimo.} 7. Bg3 d6 8. a3 $5 {[%mdl 4] A promising side line.} O-O {The position is equal.} 9. O-O Be6 {[#] With the idea ...Bxc4.} 10. Bxe6 $146 ({Predecessor:} 10. Nbd2 Qd7 11. c3 Rae8 12. b4 Bd8 13. Re1 Nh5 14. Qb3 Bg5 15. Rad1 Bxd2 16. Rxd2 Bxc4 17. Qxc4 {½-½ (31) David,A (2549)-Erdos,V (2619) Rio Achaea 2018}) 10... fxe6 11. Nbd2 Qe8 12. c3 Nh5 13. b4 {[%cal Bb2b4,Bb4b5][%mdl 32]} Bf6 14. b5 Ne7 15. a4 Ng6 16. d4 Qf7 17. Nc4 {[%cal Rf3e5]} exd4 18. cxd4 a6 19. Qc2 axb5 20. axb5 d5 (20... Rxa1 $11 21. Rxa1 Ngf4) 21. Ne3 Ngf4 22. exd5 exd5 23. Ng4 Nxg3 24. hxg3 Rxa1 25. Rxa1 Ne6 26. Rd1 Qe8 (26... Ng5 $11) 27. Qe2 ({White has to play} 27. Qf5 $16 Qd7 28. Re1) 27... Ng5 (27... Qd7 $14) 28. Nxf6+ $16 gxf6 29. Qc2 Qf7 30. Rc1 Ne6 31. Qf5 Rd8 32. Re1 Ng7 33. Qf4 h5 34. Nh4 Re8 35. Ra1 Ne6 36. Qd2 Ng5 37. Ra7 b6 38. Qc2 Ne6 39. Nf5 {[#] aiming for Nh6+.} Qd7 40. Ne3 {Strongly threatening Qg6+.} Kg7 41. Qf5 Rd8 42. Qxh5 ({Better is} 42. Ra4 $18) 42... Nxd4 $14 43. Ra4 Rh8 44. Qd1 $36 {[%mdl 2048] White has good play.} Ne6 $2 {Loses the game.} ({Black should play} 44... Nxb5 $14 45. Nxd5 c6 46. Qg4+ Qxg4 47. Rxg4+ Kf7 48. Nxb6 Rb8) 45. Rg4+ $18 ({Don't take} 45. Nxd5 $6 Rd8 $16) (45. Qxd5 Qxd5 46. Nxd5 Rh5 $11) 45... Kf7 46. Qd3 {Black must now prevent Qg6+.} ({Weaker is} 46. Qxd5 Qxd5 47. Nxd5 Rh5 $15) (46. Nxd5 $2 Rd8 $17) 46... Ng5 $2 (46... Rh6 {keeps fighting.} 47. Nxd5 Qd6) 47. Rd4 c6 48. bxc6 Qxc6 49. Rxd5 {Threatens to win with Rd7+.} ({Not} 49. Nxd5 Qc1+ 50. Qd1 Qxd1+ 51. Rxd1 Rd8 $16) 49... Qc1+ 50. Nf1 {And now Rd7+ would win.} Re8 (50... Kg7 {was called for.} 51. Rd7+ Nf7) 51. Rd7+ {White is clearly winning.} Re7 52. Qd5+ Kf8 53. Qd6 {[%mdl 64] [#] Double Attack} Qc5 {Black hopes to continue with ...Qxd6.} 54. Qxf6+ Ke8 55. Rxe7+ Qxe7 56. Qxb6 Kf7 57. Ne3 Ne6 58. Qb1 {Accuracy: White = 83%, Black = 59%.} 1-0

[Event "Stepan Avagyan Memorial 2020"]
[Site "Jermuk"]
[Date "2020.07.14"]
[Round "8.2"]
[White "Petrosyan, Manuel"]
[Black "Shahinyan, David"]
[Result "1-0"]
[WhiteElo "2607"]
[BlackElo "2456"]
[Annotator "TA"]
[PlyCount "155"]
[EventDate "2020.07.05"]
[EventType "tourn"]
[EventCountry "ARM"]
[SourceTitle "playchess.com"]
[Source "ChessBase"]
[SourceQuality "1"]

{[%evp 29,155,54,58,63,77,55,45,50,53,55,85,50,72,64,64,36,74,45,48,30,74,79,70,70,132,118,127,131,168,102,140,131,141,61,144,157,160,154,154,170,145,146,163,128,128,128,128,128,128,128,148,148,159,158,236,236,236,236,236,236,1687,1741,1756,1745,1730,1687,1479,1477,1687,510,535,373,1875,372,12842,12834,29942,12847,12850,12850,12515,2707,29946,29949,29950,29957,5952,5279,29958,29958,29960,29961,29960,29961,29967,29968,29968,29970,29970,29970,29971,29970,29970,29970,29973,29971,29971,29972,29972,29972,29973,29974,29973,29975,29974,29976,29977,29978,29978,29977,29977,29978,29980,29981,29981,29982,29982,29983]} 1. Nf3 Nf6 2. c4 g6 3. Nc3 Bg7 4. e4 d6 5. d4 O-O 6. Be2 c5 7. O-O cxd4 8. Nxd4 Nc6 9. Be3 Bd7 10. Qd2 Nxd4 11. Bxd4 Bc6 12. f3 a5 13. Rab1 Nd7 14. Bf2 Nc5 15. b3 Qc7 16. Nd5 {B38: Sicilian: Maroczy Bind with 5...Bg7 and 7...0-0.} Bxd5 17. exd5 Rfc8 18. Rfe1 {White is slightly better.} Bf6 19. Bf1 Qd8 {[#]} 20. f4 $146 ({Predecessor:} 20. Kh1 Qf8 21. Rbc1 Qg7 22. Rc2 Rc7 23. g3 a4 24. b4 Nb3 25. axb3 axb3 26. Rcc1 {0-1 (39) Petrik,T (2529)-Kanovsky,D (2471) Slovakia 2010}) 20... Qf8 21. g3 Qg7 22. Qe3 Rc7 23. Kg2 Bc3 24. Red1 Na6 25. a3 {[%cal Ba2a3,Ba3b4][%mdl 32]} Nc5 26. b4 axb4 (26... Na4 $1 $14) 27. axb4 $16 Na4 28. Rb3 Bf6 29. Rc1 (29. Rd2 $18) 29... Qf8 30. Rc2 Qc8 31. Ra2 (31. c5 $16) 31... Rxc4 ({Black should play} 31... b5 $14) 32. Bxc4 Qxc4 33. b5 Rc8 34. Qd3 Qxd3 35. Rxd3 Rc4 36. b6 Rb4 {[#]} 37. Raa3 $1 Nxb6 38. Bxb6 Rxb6 {[#]} 39. Rdb3 $1 {[%cal Rb3b6]} Rxb3 40. Rxb3 {[%mdl 4096] Endgame KR-KB} h5 41. Rxb7 e6 (41... g5 $16 42. Rb8+ Kh7) 42. Rd7 $18 exd5 43. Rxd6 Bb2 44. Rxd5 f5 $2 (44... Ba3 45. Kf3 Kg7) 45. Rd7 Ba3 46. Rc7 Bb2 47. Rc4 Kf7 48. Kf3 Kg7 49. h4 Kf7 50. Ke3 Kg7 $2 (50... Ke6 51. Rc2 Bf6) 51. Rc7+ $2 (51. Rc2 Ba3 52. Rc4) 51... Kg8 $2 (51... Kf6 52. Rc4 Ke6 53. Rc6+ Kf7) 52. Kd3 Bf6 53. Kc4 Bb2 54. Kd5 Ba1 55. Ke6 Bd4 56. Rd7 Bc3 57. Rd3 Bb2 58. g4 fxg4 59. f5 {White mates.} gxf5 60. Kxf5 Kf7 61. Kg5 Ke6 62. Kxh5 Kf5 63. Rg3 Bc1 64. Rxg4 Kf6 65. Rc4 Bd2 66. Rc6+ Kg7 67. Rg6+ Kf7 68. Rg2 Bc1 69. Re2 Kg7 70. Rf2 Be3 71. Rg2+ Kf6 72. Kg4 Bc1 73. Kf3 Kf5 74. h5 Bg5 75. Rg4 Bc1 76. Rg6 Bb2 77. Ra6 Bf6 78. h6 {Accuracy: White = 84%, Black = 56%.} 1-0

[Event "Stepan Avagyan Memorial 2020"]
[Site "Jermuk"]
[Date "2020.07.14"]
[Round "8.3"]
[White "Harutyunian, Tigran K."]
[Black "Barseghyan, Armen Ar."]
[Result "1-0"]
[WhiteElo "2551"]
[BlackElo "2387"]
[Annotator "TA"]
[PlyCount "133"]
[EventDate "2020.07.05"]
[EventType "tourn"]
[EventCountry "ARM"]
[SourceTitle "playchess.com"]
[Source "ChessBase"]
[SourceQuality "1"]

{[%evp 21,133,16,15,0,1,9,22,0,14,0,0,-47,18,-31,31,24,24,27,22,22,40,7,37,29,44,32,90,54,50,12,11,0,0,0,0,0,0,0,0,14,0,-60,-59,-64,-52,-50,-19,-19,-19,-19,-19,-19,-19,-22,-18,-19,-26,-19,-12,-12,-10,-26,-26,-26,-24,-22,-22,-27,0,0,0,0,0,0,104,42,71,71,491,497,532,525,525,524,471,501,720,715,696,548,708,702,700,693,693,670,1718,1662,545,1582,804,532,712,691,6528,5539,29974,29975,29983,29984,29984,29985,29985,29986]} 1. d4 Nf6 2. Nf3 g6 3. Nbd2 c5 4. dxc5 Qa5 5. a3 Qxc5 6. b4 Qc7 7. Bb2 Bg7 8. e3 O-O 9. c4 d6 10. Be2 b6 11. O-O Bb7 12. Nd4 {A48: 1 d4 Nf6 2 Nf3 g6: Torre, London and Colle Systems.} Nbd7 13. Nb5 Qb8 14. Qb3 {The position is equal.} a6 15. Nc3 {[#]} Bc6 $146 ({Predecessor:} 15... e6 16. Rad1 Rd8 17. e4 Ne5 18. f4 Neg4 19. Ncb1 b5 20. Bxg4 Nxg4 21. Bxg7 Kxg7 {1-0 (43) Nogueiras Santiago,J (2550)-Hernandez Onna,R (2430) Matanzas 1992}) 16. Nd5 Re8 (16... Nxd5 $1 $15 17. Bxg7 Nxe3 {[%mdl 64] Discovered Attack} 18. Bxf8 Nxf1) 17. Nf3 e5 (17... Nxd5 $1 $15 18. cxd5 Bxd5 19. Qxd5 Bxb2) 18. Nc3 (18. Rac1 {is interesting.} a5 19. Nc3 Qb7 20. h3 Bf8 21. Kh2) 18... Ne4 19. Nxe4 Bxe4 20. Rfd1 Bc6 21. Rac1 h6 22. Nd2 {[%cal Bf3d2,Bd2b1,Bb1c3][%mdl 32]} Qb7 23. Bf1 b5 (23... Red8 $14) 24. Nb1 Bf8 25. Nc3 Nf6 26. Rd2 Rac8 27. f3 Qb6 28. Re1 h5 29. Kh1 Bd7 30. cxb5 axb5 31. e4 ({Better is} 31. Qd1 $11) 31... Bh6 $15 32. Rdd1 Be6 33. Qc2 Red8 (33... d5 $5 34. exd5 Nxd5 35. Nxd5 Bxd5 $11) 34. Bc1 Bxc1 $1 35. Rxc1 d5 36. exd5 Nxd5 37. Nxd5 Rxd5 38. Qb2 Rxc1 39. Qxc1 Qf2 {[#] Hoping for ...Rd2.} 40. Re2 Qd4 41. h3 Bf5 42. Re1 Kg7 43. Qe3 h4 (43... Kf6 {looks sharper.} 44. Kg1 Qxe3+ 45. Rxe3 h4 46. Kf2 Kg5) 44. Kg1 f6 45. Kf2 g5 46. Qxd4 exd4 $11 {[%mdl 4096] Endgame KRB-KRB} 47. Rc1 d3 {[#]} (47... Kf8 $11) 48. Ke3 ({White should play} 48. Rc5 $1 $16 {[%cal Rc5d5]} Rxc5 49. bxc5) 48... d2 49. Rd1 Rd7 $2 {[%mdl 8192] Now Black is done in.} (49... Kf7 $16 {is tougher.}) 50. Bxb5 $18 Rc7 51. Rxd2 Rc3+ 52. Kd4 Rxa3 53. Bc4 Kf8 54. b5 {[%cal Bb4b5,Bb5b6][%mdl 32]} Ke7 55. Kc5 Rc3 56. b6 {Strongly threatening b7.} Be6 57. Rd4 {b7 is the strong threat.} Bc8 58. Re4+ Kd8 59. Kb4 Rc1 60. Bb5 {[%csl Gb5][%cal Re4e8]} Rb1+ 61. Kc5 {[%csl Gb5][%cal Re4e8]} Rc1+ 62. Rc4 Rxc4+ 63. Bxc4 f5 64. Kd6 {White mates.} g4 65. hxg4 fxg4 66. fxg4 Bb7 67. Bd5 {Accuracy: White = 80%, Black = 60%.} 1-0

[Event "Stepan Avagyan Memorial 2020"]
[Site "Jermuk"]
[Date "2020.07.14"]
[Round "8.4"]
[White "Sargsyan, Shant"]
[Black "Mikaelyan, Arman"]
[Result "1-0"]
[WhiteElo "2594"]
[BlackElo "2483"]
[Annotator "TA"]
[PlyCount "91"]
[EventDate "2020.07.05"]
[EventType "tourn"]
[EventCountry "ARM"]
[SourceTitle "playchess.com"]
[Source "ChessBase"]
[SourceQuality "1"]

{[%evp 15,91,34,71,82,85,90,103,94,116,113,118,113,104,93,100,57,57,50,53,54,50,49,48,52,55,52,70,52,47,47,42,19,18,16,6,18,18,4,12,0,6,0,24,31,20,33,40,38,168,151,316,330,249,97,97,89,580,564,878,921,999,917,1954,1763,1196,1041,12835,12835,12836,12835,12835,12835,12832,12827,12834,12835,29984,29985]} 1. d4 Nf6 2. c4 e6 3. g3 c5 4. Nf3 cxd4 5. Nxd4 Nc6 6. Bg2 d5 7. cxd5 exd5 8. O-O Bc5 {is now debated instead of 8...Be7.} 9. Nxc6 {D30: Queen's Gambit Declined: Systems without Nc3.} bxc6 10. Qc2 $1 {[%cal Rc2c5]} Qb6 {[#]} 11. Nc3 $1 {[%cal Rc3a4] Threatens to win with Na4.White is better.} Bd6 12. Be3 {[#]} Qa6 $146 ({Predecessor:} 12... Qc7 13. Rac1 Be6 14. Nb5 cxb5 15. Qxc7 Bxc7 16. Rxc7 O-O 17. Bxa7 Ne8 18. Re7 Nd6 {1-0 (47) Collutiis,D (2455)-Della Sala,B (2086) Bergamo 2016}) 13. Bd4 O-O 14. Bxf6 gxf6 15. e4 d4 16. Rfd1 Qc4 {[%mdl 64] Pin} 17. b3 Qc5 {[%mdl 64] Pin} 18. Qd2 Bg4 19. Na4 Qh5 20. Rdc1 $1 c5 {[#]} 21. Nc3 $1 {[%mdl 512]} Rad8 (21... dxc3 22. Qxd6) 22. Nd5 Kg7 23. f4 Be6 24. Nxf6 {[%mdl 64] Remove Defender, Decoy} Kxf6 25. e5+ {[%mdl 64] Double Attack} Kg7 {And now ...Bc7 would win.} 26. exd6 Rxd6 27. Re1 {aiming for Re5.} f6 $1 28. Rac1 Rc8 29. Bf1 Qf3 30. Be2 Qb7 31. Bd3 Rc7 (31... h5 $14) 32. Qe2 $36 {[%mdl 2048] Strongly threatening Qh5. White has strong initiative.} h6 $2 (32... Qd5 $16 {might work better.}) 33. Qh5 $18 {Black must now prevent Qg6+.} f5 34. Rxe6 $2 (34. Re5 $18 {has better winning chances.}) 34... Rxe6 $16 35. Qxf5 Qc6 $2 {[%mdl 8192] [#]} (35... Qb6 $16 {is more resistant.}) 36. b4 $1 $18 Qe8 37. Qh7+ Kf8 38. Qxc7 {[%mdl 64] Double Attack} Re1+ 39. Rxe1 Qxe1+ 40. Bf1 Qe3+ 41. Kg2 Qe4+ 42. Kh3 Qe6+ 43. Kh4 Qf6+ 44. Kg4 Qe6+ 45. f5 h5+ {[#]} 46. Kg5 $1 {Accuracy: White = 88%, Black = 58%.} 1-0

[Event "Stepan Avagyan Memorial 2020"]
[Site "Jermuk"]
[Date "2020.07.14"]
[Round "8.5"]
[White "Sargsyan, Anna M."]
[Black "Gharibyan, Mamikon"]
[Result "1/2-1/2"]
[WhiteElo "2405"]
[BlackElo "2433"]
[Annotator "TA"]
[PlyCount "125"]
[EventDate "2020.07.05"]
[EventType "tourn"]
[EventCountry "ARM"]
[SourceTitle "playchess.com"]
[Source "ChessBase"]
[SourceQuality "1"]

{[%evp 10,125,20,14,10,16,15,0,16,10,22,5,-1,-39,-6,-8,-6,-34,-6,-36,-26,-27,0,-41,34,44,47,39,54,41,56,0,0,0,102,113,153,166,162,128,107,110,143,111,181,176,176,140,134,135,135,147,177,176,172,183,184,37,45,40,43,43,64,62,46,38,28,35,54,30,62,41,87,94,150,60,142,56,62,52,142,37,259,211,234,222,244,245,241,239,258,243,215,220,232,8,8,0,8,8,1584,1447,1158,8,8,0,0,0,0,0,0,0,0,0,0,0,0,0]} 1. e4 e5 2. Nf3 Nc6 3. Bc4 Bc5 4. O-O Nf6 5. d3 d6 6. c3 a5 {Recently 6...h6 got a lot of attention. C54: Giuoco Piano: 4 c3 Nf6, main lines with 5 d4 and 5 d3.} 7. Re1 h6 8. d4 Bb6 9. h3 O-O 10. Bb5 Bd7 11. Na3 Re8 12. d5 Ne7 {[#]} 13. Bf1 $146 ({Predecessor:} 13. Bxd7 Nxd7 14. Nc4 f5 15. Nxb6 Nxb6 16. exf5 Nxf5 17. Qd3 Qf6 18. Nd2 Qf7 19. c4 {1-0 (50) Haddouche,M (2462)-Sarwat,W (2314) Monastir 2013}) 13... Ng6 14. Nc4 Bc5 15. a4 Qb8 16. Qd2 Nh5 (16... c6 $15) 17. b4 $14 axb4 18. cxb4 Ba7 19. b5 $1 Bc5 20. Bb2 (20. Qc3 $14) 20... Ng3 $11 21. Bd3 $1 Qc8 (21... Nh5 $1 $11) 22. Ba3 $16 {Bxc5 is the strong threat.} Bxa3 23. Rxa3 (23. Nxa3 $6 Nh5 $11) 23... Nh5 24. Rc1 Qd8 {[#]} 25. b6 $1 {[%mdl 512]} cxb6 26. Qb4 Nhf4 (26... Ngf4 $16 {was called for.}) 27. Bf1 $1 $36 {[%mdl 2048] White is on the roll.} (27. Qxd6 $6 Rxa4 28. Bf1 Rxa3 $11) (27. Nxb6 $6 Nxd3 28. Rxd3 Ra6 $14) 27... f5 28. Nxb6 (28. Nxd6 $6 fxe4 29. Nd2 (29. Nxe4 Nxd5 30. Bc4 Bc6 $11) (29. Qxe4 Qe7 $14) 29... Rf8 $16) 28... fxe4 29. Nd2 Nd3 30. Qxd6 Nxc1 31. Qxg6 Bf5 32. Qxf5 Qxb6 33. Nxe4 (33. a5 $1 $18 {[%cal Ra5b6]} Qd4 34. Nxe4) 33... Rf8 $14 34. Qe6+ Qxe6 35. dxe6 {Hoping for Bb5.} Rfc8 $1 36. Bb5 Kf8 $1 {[%cal Rf8e7] next ...Ke7 is good for Black.} 37. Rf3+ Ke7 38. Rf7+ Kxe6 39. Rxg7 Kd5 40. f3 Kd4 41. Rxb7 Rc2 (41... Rd8 $142) 42. Rd7+ $1 $16 Ke3 43. Nf6 (43. Ng3 $1 $16) 43... Ne2+ $14 44. Kh2 {Threatens to win with Ng4+.} h5 ({Better is} 44... Nd4 $1 $14) 45. Rd5 (45. Nxh5 $6 Nd4 $11) (45. Rd3+ $1 $16 Kf4 46. h4 (46. Nxh5+ Kg5 $16)) 45... Nf4 $2 ({Black should play} 45... e4 $14) 46. Rxe5+ $18 {[%mdl 64] Double Attack} Kf2 47. Ne4+ ({But not} 47. Nxh5 $2 Nxg2 48. Re4 Rh8 $19) 47... Ke1 48. Nc3+ $1 Kd2 49. Ne2 $1 {[%cal Re2f4]} Nxe2 50. Rxe2+ Kc3 {[#]} 51. Rxc2+ $1 Kxc2 {[%mdl 4096] Endgame [#] KR-KB} 52. h4 $2 (52. g4 $1 $18) 52... Kd2 $1 $11 53. Bc6 Ra5 54. g4 {Strongly threatening g5.} hxg4 $2 {[%mdl 8192]} (54... Ke3 $11) 55. fxg4 $18 Rc5 56. Bb5 $2 ({White must play} 56. Bg2 $18 Ke3 57. Kg3) 56... Ke3 $11 {The position is equal.} 57. Kg3 Rc1 58. g5 {And now Kg4 would win.} Rg1+ 59. Kh2 Kf2 60. Bc6 Rg4 {[%cal Rg4h4]} 61. Kh3 Rg3+ 62. Kh2 Rg4 {[%cal Rg4h4]} 63. Kh3 {Accuracy: White = 65%, Black = 67%.} 1/2-1/2

[Event "Stepan Avagyan Memorial 2020"]
[Site "Jermuk"]
[Date "2020.07.14"]
[Round "9.1"]
[White "Gharibyan, Mamikon"]
[Black "Martirosyan, Haik M."]
[Result "0-1"]
[WhiteElo "2433"]
[BlackElo "2617"]
[Annotator "TA"]
[PlyCount "108"]
[EventDate "2020.07.05"]
[EventType "tourn"]
[EventCountry "ARM"]
[SourceTitle "playchess.com"]
[Source "ChessBase"]
[SourceQuality "1"]

{[%evp 13,107,0,0,0,0,-41,-41,-50,-30,-34,-28,-39,-39,-98,-47,-87,-30,-35,-32,-46,-49,-70,-17,-22,0,0,0,-32,-30,-13,-24,-20,12,41,79,75,70,74,71,33,75,23,62,75,75,75,75,69,68,30,19,37,47,34,85,97,149,58,95,0,129,139,129,145,112,68,86,78,60,68,61,52,51,0,0,0,0,0,0,0,0,0,0,-944,-920,-874,-795,-1422,-1392,-12816,-12817,-29986,-29987,-29987,-29988,-29999]} 1. d4 Nf6 2. c4 e6 3. Nf3 b6 4. a3 Bb7 5. Nc3 d5 6. Bg5 Be7 7. Qa4+ Qd7 8. Qc2 {E12: Queen's Indian: Unusual White 4th moves, 4 a3, 4 Nc3 Bb7 5 a3 and 4 Nc3 Bb7 .} dxc4 9. Rd1 Bxf3 10. gxf3 {Black is slightly better.} Nc6 11. e3 Na5 {[#]} 12. Rg1 $146 ({Predecessor:} 12. Bxf6 Bxf6 13. Ne4 Be7 14. Bxc4 Nxc4 15. Qxc4 c6 16. Ke2 {½-½ (16) Koziak,V (2483)-Staniszewski,P (2424) Opole 2006}) 12... c6 13. Bh3 (13. Ne4 $15) 13... O-O-O (13... g6 $17) 14. Ke2 Kb7 (14... g6 $17) 15. Bxf6 $11 Bxf6 16. f4 g6 17. Bg2 Be7 (17... Kb8 $15) 18. Ne4 Qc7 19. Nd2 b5 20. b3 cxb3 (20... Bxa3 21. bxc4 Kc8 22. cxb5 $18) 21. Nxb3 Nxb3 22. Qxb3 Qa5 23. Rb1 Rd5 24. Bxd5 exd5 25. a4 $36 {[%cal Ra4b5][%mdl 2048] White is in control.} b4 26. Rbc1 (26. h4 $5) 26... Re8 27. Rc2 (27. h4 $16) 27... Bf8 28. h4 Re6 29. h5 Qd8 30. hxg6 hxg6 31. Rh1 Qf6 32. Kf1 g5 33. fxg5 $1 Qf3 ({Better is} 33... Qxg5 $14 34. a5 Rg6) 34. Rh4 $1 $16 Rg6 (34... a5 $142) 35. Qd3 (35. Rc1 $1 $16) 35... Rxg5 36. Rf4 ({White should play} 36. Rc1 $1 $16) 36... Qh3+ {[#]} (36... Qh1+ $11 {keeps the balance.} 37. Ke2 Rg1 38. Rxf7+ {[%mdl 64] Double Attack} Be7) 37. Ke2 $1 f5 {[#]} 38. Rc1 $1 Qh5+ 39. Rf3 f4 $1 40. Qc2 c5 41. dxc5 fxe3 42. Qd3 exf2 43. Qb5+ ({White should try} 43. Kd2 $1 $14 Kc7 44. Rxf2 (44. Rxf8 Rg2 $11)) 43... Kc7 {White must now prevent ...Rg6.} 44. Qa5+ Kc8 45. Qa6+ Kd8 46. Qa5+ Kc8 47. Qa6+ Kd8 48. Qf6+ $2 {[%mdl 8192]} (48. Qa5+ $11 Kc8) 48... Be7 $19 49. Qf4 Re5+ 50. Kxf2 {[#]} b3 $1 {[%cal Bb4b3,Bb3b2][%mdl 544]} 51. Kg2 (51. Rxb3 Rf5) 51... b2 {( -> ...Qg5+)} 52. Rb1 Qg6+ {[%mdl 64] Double Attack. Black mates.} 53. Rg3 Qc2+ {[%mdl 64] Double Attack} 54. Kf3 Qe2# {Accuracy: White = 62%, Black = 70%.} 0-1

[Event "Stepan Avagyan Memorial 2020"]
[Site "Jermuk"]
[Date "2020.07.14"]
[Round "9.2"]
[White "Mikaelyan, Arman"]
[Black "Sargsyan, Anna M."]
[Result "1-0"]
[WhiteElo "2483"]
[BlackElo "2405"]
[Annotator "TA"]
[PlyCount "69"]
[EventDate "2020.07.05"]
[EventType "tourn"]
[EventCountry "ARM"]
[SourceTitle "playchess.com"]
[Source "ChessBase"]
[SourceQuality "1"]

{[%evp 16,69,26,12,33,-14,40,46,76,68,47,54,70,30,23,54,26,9,5,0,22,7,-12,-24,-21,-26,29,29,37,39,257,45,391,398,391,400,399,385,370,378,427,410,448,334,489,331,583,576,566,529,710,699,708,700,1699,1675]} 1. d4 Nf6 2. c4 g6 3. Nc3 d5 4. Nf3 Bg7 5. Bf4 O-O 6. e3 c6 7. Rc1 Bg4 8. h3 Bxf3 9. Qxf3 Qb6 {D93: Grünfeld: 4 Nf3 Bg7 5 Bf4 0-0 6 e3.} 10. b3 {[%cal Rc4d5] [#]} c5 $146 (10... Qa5 $11) ({Predecessor:} 10... Qa5 11. Bd3 Nbd7 12. O-O dxc4 13. bxc4 e5 14. Bh2 exd4 15. exd4 Rad8 16. Rfd1 Rfe8 {½-½ (25) Adler,H (1961)-Wittmann,K (2066) Mittelfranken 2007}) 11. cxd5 $14 cxd4 {White is slightly better.} 12. exd4 Qxd4 13. Bc4 Nbd7 14. Be3 (14. Nb5 {feels hotter.} Qb2 15. O-O a6 16. Nc7 Rab8 17. Qe3) 14... Qh4 15. g3 Qh5 $1 {[%cal Rh5f3]} 16. g4 Qh4 $1 17. Bf4 Rac8 18. O-O $36 {[%mdl 2048] White is more active.} h5 {[%cal Rh5g4]} 19. g5 Nh7 20. Ne4 $1 Be5 (20... Nc5 $142 21. Qg3 Qxg3+ 22. Nxg3 h4) 21. Bd2 $1 $11 f5 22. gxf6 $1 Nhxf6 $2 ({Better is} 22... Ndxf6 $14 23. Nxf6+ Kh8) 23. Rce1 $2 (23. Ng5 $18 Bh2+ {[%mdl 64] Decoy} 24. Kxh2 Ng4+ 25. Kg2 Rxf3 26. Nxf3) 23... Kh8 $2 {[%mdl 8192]} (23... Nxe4 $14 24. Qxe4 Qxe4 25. Rxe4 Bd6) 24. Bg5 $18 Nxe4 {[#]} 25. Qxf8+ $1 {[%mdl 512]} Rxf8 26. Bxh4 Nd2 27. Bxe7 Rf4 28. Bb5 Nf6 29. Kg2 ({Weaker is} 29. Rxe5 Nf3+ 30. Kg2 Nxe5 $18) 29... Nf3 (29... Bd4 {keeps fighting.} 30. Bxf6+ Rxf6) 30. Re3 Nh4+ $2 {[#]} (30... Nxd5 {is a better defense.} 31. Rxf3 Nxe7 32. Rxf4 Bxf4) 31. Kh1 {White is clearly winning.} Bd4 32. d6 Nf5 33. Re6 Kg7 34. Rd1 Kf7 35. Bc4 {Accuracy: White = 70%, Black = 36%.} 1-0

[Event "Stepan Avagyan Memorial 2020"]
[Site "Jermuk"]
[Date "2020.07.14"]
[Round "9.3"]
[White "Barseghyan, Armen Ar."]
[Black "Sargsyan, Shant"]
[Result "0-1"]
[WhiteElo "2387"]
[BlackElo "2594"]
[Annotator "TA"]
[PlyCount "80"]
[EventDate "2020.07.05"]
[EventType "tourn"]
[EventCountry "ARM"]
[SourceTitle "playchess.com"]
[Source "ChessBase"]
[SourceQuality "1"]

{[%evp 9,80,27,29,40,35,0,0,6,23,22,20,18,29,0,0,7,7,-1,-2,-16,-19,-2,-4,-18,-12,-39,-8,-12,0,-33,-33,-22,-21,-55,-57,-33,0,0,0,-27,-31,-43,-26,-66,-59,-88,-84,-62,-75,-72,-70,-423,-420,-563,-556,-523,-334,-477,-86,-227,-210,-211,-175,-577,-533,-694,-348,-29991,-29992,-29992,-29992,-29997,-29998]} 1. d4 Nf6 2. Nf3 g6 3. g3 Bg7 4. Bg2 Ne4 5. O-O O-O 6. c4 {A49: 1 d4 Nf6 2 Nf3 g6 3 g3: Anti-King's Indian systems.} d6 7. Nbd2 Nxd2 8. Bxd2 {The position is equal.} Nd7 $5 {[%mdl 4] Exploring less charted territory.} 9. Bc3 e5 10. Qc2 Qe7 11. e3 f5 12. b4 e4 13. Nd2 {[#]} c6 $146 ({Predecessor:} 13... Nf6 14. b5 Bd7 15. Rab1 g5 16. Rfe1 Qf7 17. a4 Rae8 18. a5 Qg6 19. b6 axb6 20. axb6 {0-1 (51) Drygalov,S (2450)-Harutyunian,T (2532) Moscow 2019}) 14. b5 cxb5 15. cxb5 Nf6 16. Bb4 Be6 17. Rfc1 Qd7 18. a4 g5 19. Qb2 Rf7 20. Nc4 Bf8 21. Qa3 {[%cal Rc4d6]} Rd8 22. b6 Bxc4 23. Rxc4 axb6 24. Rcc1 f4 25. Qb3 d5 26. Bxf8 Rdxf8 27. Qxb6 {[#]} h5 $1 28. Rc3 h4 {...f3 is the strong threat.} 29. exf4 gxf4 30. f3 $2 {[%mdl 8192]} (30. gxf4 $15 Rg7 31. Kh1) 30... fxg3 $19 {Hoping for ...h3.} 31. hxg3 h3 32. Bf1 Rg7 33. f4 (33. Rac1 $142 Qf5 34. Qd6 exf3 35. Qe5 f2+ 36. Kh1 Qe4+ 37. Qxe4 Nxe4 38. Kh2) 33... Qf5 $2 (33... Qg4 $19 {And now ...Nh5 would win.} 34. Qb3 Qxf4 35. Bxh3 Qh6) 34. Qd6 {[#]} (34. Kh1 $17) 34... h2+ $1 {[%mdl 512]} 35. Kh1 (35. Kxh2 e3) 35... Ng4 36. Ra2 $2 (36. Bg2) 36... e3 37. Rcc2 Re8 {( -> ...Qe4+)} 38. Bg2 $2 {[#]} (38. Qb4 $19) 38... e2 $1 {[%mdl 512] Black mates.} 39. Qxd5+ (39. Rxe2 Qb1+) 39... Kh8 40. Rxe2 Qb1+ {Accuracy: White = 40%, Black = 79%.} 0-1